| 000 | 00455 a2200169 4500 | ||
|---|---|---|---|
| 001 | 131014 | ||
| 003 | OSt | ||
| 005 | 20210906145708.0 | ||
| 008 | |||
| 082 |
_a720.954 _bP64H |
||
| 100 | 1 | _aPillai, Govinda Krishna | |
| 245 | 1 |
_aThe Hindu architecture (Silpa-sastra) _cby Govinda Krishna Pillai |
|
| 260 |
_aDelhi _bBhartiya kala prakashan _c2004 |
||
| 300 | _a194p. | ||
| 690 | _aHindu architecture | ||
| 942 |
_2ddc _cBK |
||
| 999 |
_c5560 _d5560 |
||